03146nam a22005777a 4500003000900000005001700009008004100026040002800067041000800095044000700103100003100110245005200141250001200193260007900205300002300284490002500307504001100332505001100343505002700354505006800381505003200449505003000481505002800511505003000539505003100569505004700600505003600647505003700683505003600720505003700756505004200793505003100835505006100866505004900927505003700976505004001013505003401053505005301087505004401140505005701184505005401241505004001295505004501335505006101380505004101441520101201482650001402494650002702508650001102535653002202546AR-RoUNA20251205122322.0251128b |||||||| |||| 00| 0 spa d aAR-RoUNAbspadAR-RoUNA aspa aag aRandle, Patricio H.d1927-10aEvolución urbanística /cPatricio H. Randle a1a. ed. aBuenos Aires (Argentina):bEditorial Universitaria de Buenos Aires,c1972. a171 p.:c22x14 cm. aCiencias del Entorno ap. 1530 tINDICE0 tCONCEPTOS PRELIMINARES0 tPRIMERA PARTE. HACIA UNA DEFINICION DE LA EVOLUCION URBANISTICA0 tSEGUNDA PARTE. LOS MENTORES0 aI. Patrick Geddes. p. 35.0 aII. Marcel Pote. p. 53.0 aIII. Lewis Mumford. p. 630 aIV. Gastón Bardet. p. 750 tTERCERA PARTE. ORIENTACIONES FUNDAMENTALES0 tTrece enfoques posibles. p. 91.0 aA. Sin sentido evolutivo. p. 92.0 aB. Con sentido evolutivo. p. 970 aLas ciencias auxiliares. p. 113.0 aLa formación del urbanista. p. 121.0 tCUARTA PARTE. APLICACIONES0 tI. Valores inherentes a los estudios evolutivos. p. 131.0 a1. Conocer mejor la realidad actual. p. 131.0 a2. Explicar el cambio. p. 132. 0 a 3. Revelar tendencias. p. 133. 0 a4. Descubrir inercias.p. 135.0 a5. Dar criterios para la preservación. p. 136.0 a 6. Dar pautas de identidad. p. 137. 0 a 7. Conservar las fuerzas espontáneas. p. 139. 0 a8. Asegurar las fuerzas espontáneas. p. 141. 0 a8. Asegurar la continuidad. p. 141.0 a9. Evitar conflictos inútiles. p. 142.0 a10. Tener presente la inestabilidad del entorno. p. 144.0 aOtras aplicaciones concretas. p. 1453 aLa ciudad como escenario histórico en constante y complejo cambio. Su enfoque específico es el urbanístico, es decir, la ciudad en su aspecto físico, entendido éste como una resultante no menor que un condicionante de la cultura. Su autor, no intenta formular una teoría única que abrace todas las teorías, ni tampoco escribir una historia del urbanismo, sino analizar tan exhaustivamente como fuere posible cuanto se ha dicho acerca del tema en su más alto nivel. No solo se examinan los conceptos fundamentales de la evolución urbanística sino también todas las posibilidades metodológicas, sus vinculaciones epìstemológicas: hay incluso un interno de axiología, en el que Randle realiza una prolija ponderación de los valores inherentes a los estudios evolutivos y su papel en la formación del urbanista. En fin, se trata de una obra dirigida tanto al especialista -arquitectos, urbanista, geógrafo, historiador o sociólogo- como a cuantos se interesen en el tema. 4aUrbanismo 4aPlanificación urbana 4aCiudad aDesarrollo urbano